School-university partnerships in action : concepts, cases, and concerns /

Bibliographic Details
Other Authors: Sirotnik, Kenneth A., Goodlad, John I.
Format: Book
Language:English
Published: New York : Teachers College Press, [1988]
Subjects:

MARC

Tag First Indicator Second Indicator Subfields
LEADER 00000cam a22000008a 4500
001 in00000019511
005 20151007053635.0
008 871130s1988 nyu b 00100 eng
010 |a  87033575  
020 |a 0807728934 
020 |a 0807728926 (pbk.) 
035 |a (OCoLC)17265158 
035 |9 AAB2322AM 
040 |a DLC  |c DLC  |d TXA  |d UtOrBLW 
043 |a n-us--- 
049 |a TXAM  |c [A11107498] 
050 0 0 |a LB2331.5  |b .S36 1988 
082 0 |a 378/.103  |2 19 
245 0 0 |a School-university partnerships in action :  |b concepts, cases, and concerns /  |c edited by Kenneth A. Sirotnik, John I. Goodlad. 
263 |a 8802 
264 1 |a New York :  |b Teachers College Press,  |c [1988] 
264 4 |c ©1988 
300 |a xii, 235 pages 
336 |a text  |b txt  |2 rdacontent 
337 |a unmediated  |b n  |2 rdamedia 
338 |a volume  |b nc  |2 rdacarrier 
504 |a Includes bibliographies and index. 
650 0 |a University cooperation  |z United States. 
650 0 |a Public schools  |z United States. 
650 0 |a Universities and colleges  |z United States. 
650 0 |a Interorganizational relations  |z United States  |x Case studies. 
650 0 |a Cooperation  |z United States. 
700 1 |a Sirotnik, Kenneth A. 
700 1 |a Goodlad, John I. 
999 |a MARS 
999 f f |s a47e5e48-4fce-3197-ba79-ec0b59b9e114  |i 1e04cfb9-81f0-3585-9396-c62808a8834c  |t 0 
952 f f |p normal  |a Texas A&M University  |b College Station  |c Sterling C. Evans Library  |d Evans: Library Stacks  |t 0  |e LB2331.5 .S36 1988  |h Library of Congress classification  |i unmediated -- volume  |m A14811107498 
998 f f |a LB2331.5 .S36 1988  |t 0  |l Evans: Library Stacks